00690nam a22001937a 450000500170000001000150001702000260003203500140005803700130007208200100008524501510009526000520024626000380029827000540033627000410039030000260043170000180045770000210047520171013164516.0 aENG-120600 a9789352220182c600.00 aEN-104132 bDBAD/PUB a027.7 aTransformation of academic libraries in techonology ERA :cedited by N. Laxman Rao...[et.al.]bpaper of the national semina (12-13 august, 2017) / aHyderabadbTelangana Library Association c2017 aDelhibAstral Internationalc2017 aTelangana Library Association,bHyderabade500007 aAstral International,bDelhie110002 aviii,176p.c24cm(pbk) aRao, N Laxman aRao, S Sudarshan